000 00550nam a2200217Ia 4500
003 OSt
005 20220928143146.0
006 a|||||r|||| 00| 0
007 ta
008 220927b |||||||| |||| 00| 0 eng d
024 _a21350
037 _cTextual
040 _aSDCL
_cSDCL
_beng
041 _2eng
_aeng
082 _aW691y7M18,5, 111J4
100 _aMarx Karl
245 0 _aEighteenth Brumaire of Louis Bonaparte
260 _c1954
942 _hW691y7M18,5, 111J4
_cTEXL
_2CC
999 _c823392
_d823392